Liberalizace neznamená dělat, co chceme, ale co musíme. Dopravní politika.
Dopravná politika je súčasťou hospodárskej politiky štátov, ktoré presadzujú rôzne zásady dopravnej politiky. Prepravný trh sa liberalizuje. Cestná doprava má omnoho negatívnejšie ekologické dopady ako doprava železničná. V rámci EHS bude predaj dopravných služieb prebiehať bez obmedzenia. Voľba dop...
Saved in:
| Main Author: | |
|---|---|
| Format: | Book Chapter |
| Language: | Czech |
| Subjects: | |
| Tags: |
No Tags, Be the first to tag this record!
|
MARC
| LEADER | 00000naa a2200000 4500 | ||
|---|---|---|---|
| 001 | r004070 | ||
| 005 | 20221125080058.3 | ||
| 041 | 0 | |a cze | |
| 044 | |a [CS] | ||
| 245 | 1 | 0 | |a Liberalizace neznamená dělat, co chceme, ale co musíme. |b Dopravní politika. |c P. Stejskal |
| 520 | |a Dopravná politika je súčasťou hospodárskej politiky štátov, ktoré presadzujú rôzne zásady dopravnej politiky. Prepravný trh sa liberalizuje. Cestná doprava má omnoho negatívnejšie ekologické dopady ako doprava železničná. V rámci EHS bude predaj dopravných služieb prebiehať bez obmedzenia. Voľba dopravných prostriedkov musí byť regulovaná. Ekologické hľadiská uprednostňujú železničnú dopravu. | ||
| 610 | 2 | 0 | |a politika dopravná |
| 610 | 2 | 0 | |a liberalizácia |
| 610 | 2 | 0 | |a doprava |
| 610 | 2 | 0 | |a EHS |
| 610 | 2 | 0 | |a ekológia |
| 100 | 1 | |a Stejskal, P. | |